000 01850nam a2200433 c 4500
003 BLK
005 20191114135954.0
008 180409b bul|||||r ||||||| ||bul||
010 _aKNG00136771000
020 _a978-954-327-074-3
_bиздат.: Класика и Стил
040 _aBLK
041 _aBUL
_cBUL
072 7 _2bullib
_aН6201
_xМениджмънт Н
080 _aТеория и практика на организацията
_b005.1
_x
_z005.1
080 _aНаучно управление на обществото. Социални процеси. Социални отношения.
_b316.43/.47
_x
_z316.43/.47
080 _aЕтика на бизнеса. Успех
_b174.4
_x
_z174.4
100 1 _aКарабельова, Соня Методиева
_eпърви автор
_976282
139 _aКарабельова, Соня Методиева
_bК 28
245 1 0 _aЦенности и културни практики в България
_cСоня Методиева Карабельова.
257 _aBGR
260 София
_bКласика и Стил
_c2011
_fВ. Търново : Абагар
300 _a344 с.
_bс табл., сх., диагр.
_c22 см
380 _a62
490 1 _aДостъпно бизнес познание
500 _aБиблиогр. с. 331-341 и под линия. - Азб. показалец.
650 4 _aОрганизационна култура
_9291604
650 4 _aЛидерство
_9160414
650 4 _aУспех
_9174913
653 _aорганизационна култура
653 _aлидерство
653 _aуспех
653 _aетика
659 _aН
852 _aЦб 257275
856 4 _qpdf
_u
856 4 _qpdf
_u
942 _cKNG
_n0
_01
944 _aCR
_c04.12.2012
_lф /
_kПенка_Димитрова
944 _aED
_c16.07.2013
_lф /
_k
999 _c130972
_d130972